LEADER 00905nam a2200217 4500 001 000000347292 003 CaOOAMICUS 005 20210813115046.0 008 210813s2018 be a 000 u fre r 040 $aSeMil$bita 041 1 $afre$agrc 245 00$a[Vol. 1]. 264 1$aTurnhout :$bBrepols,$c2018. 300 $aLXXXIV, 808 p. ;$c26 cm 700 1 $aOlivier, Jean-Marie.$0(OLS)http://semarc/name/22232 773 0 $tSupplément au répertoire des bibliothèques et des catalogues de manuscrits grecs.$dTurnhout : Brepols, 2018.$kCorpus Christianorum [fuori serie]$z978-2-503-57718-0$z978-2-503-57719-7$g1$w()347291 850 $aSeMil 852 $aSeMil$W1$xVenegono$y1$mSL2.K II 57$j227882$B238359$CSeMilBibl$Z2$F238359 $8I 996 $6245$a[Vol. 1]$9(OLS)http://semarc/title/68439 996 $6264$aTurnhout :$bBrepols$9(OLS)http://semarc/publisher/29626 LEADER 01347nam a2200241 i 4500 001 000000183127 003 CaOOAMICUS 005 20251106113340.0 008 091106s1952 it u000 u ita u 013 $a161089 040 $aSeMil$bita 100 1 $aAlliney, Alberto.$0(OLS)http://semarc/name/25760 245 13$aLa grotta delle tre fontane :$bgli avvenimenti del 12 aprile 1947 all'esame della critica scientifica, studio medico del miracolo, cenni su alcune guarigioni /$cDott. Alberto Alliney ; Prefazione del Prof. Nicola Pende. 260 $aCittà di Castello :$bTipografia Unione Arti Grafiche,$c1952. 300 $a96 p. ;$c21 cm. 650 4$aMadonna - Apparizioni - Vergine della Rivelazione.$0(OLS)http://semarc/subject/58863 650 4$aGuarigioni miracolose.$0(OLS)http://semarc/subject/9631 700 1 $aPende, Nicola,$c.$0(OLS)http://semarc/name/25761 850 $aSeMil 852 $aSeMil$W1$xVenegono$y1$m3E III 68$j133831$B133831$CSeMilBibl$Z2$F145538 $81 996 $6245$aLa grotta delle tre fontane :$bgli avvenimenti del 12 aprile 1947 all'esame della critica scientifica, studio medico del miracolo, cenni su alcune guarigioni$9(OLS)http://semarc/title/262829 996 $6260$aCittà di Castello :$bTipografia Unione Arti Grafiche$9(OLS)http://semarc/publisher/41503